MARC

LEADER 00000cam a2200000Mu 4500
001 EBOOKCENTRAL_on1237400292
003 OCoLC
005 20240329122006.0
006 m o d
007 cr |||||||||||
008 210213s1998 sp o ||| 0 spa d
040 |a EBLCP  |b eng  |c EBLCP  |d REDDC  |d OCLCF  |d OCLCQ  |d OCLCO  |d OCLCQ  |d OCLCL 
020 |a 9783964562678 
020 |a 396456267X 
029 1 |a AU@  |b 000069440143 
035 |a (OCoLC)1237400292 
050 4 |a F2178.U6  |b .E344 1998 
082 0 4 |a 303.482729073  |2 23 
049 |a UAMI 
100 1 |a Bernecker, Walther L. 
245 1 0 |a 1898  |h [electronic resource] :  |b ¿Censura, Cambio, Continuidad?. 
260 |a Madrid :  |b Iberoamericana Editorial Vervuert,  |c 1998. 
300 |a 1 online resource (270 p.). 
490 1 |a Erlanger Lateinamerika-Studien Ser. ;  |v v.39 
500 |a Description based upon print version of record. 
590 |a ProQuest Ebook Central  |b Ebook Central Academic Complete 
650 0 |a Spanish-American War, 1898  |x Influence  |v Congresses. 
651 0 |a Caribbean Area  |x Relations  |z United States  |v Congresses. 
650 6 |a Guerre hispano-américaine, 1898  |x Influence  |v Congrès. 
651 6 |a Caraïbes (Région)  |x Relations  |z États-Unis  |v Congrès. 
650 7 |a Influence (Literary, artistic, etc.)  |2 fast 
650 7 |a International relations  |2 fast 
651 7 |a Caribbean Area  |2 fast 
651 7 |a United States  |2 fast  |1 https://id.oclc.org/worldcat/entity/E39PBJtxgQXMWqmjMjjwXRHgrq 
647 7 |a Spanish-American War  |d (1898)  |2 fast  |0 (OCoLC)fst01128682  |1 https://id.oclc.org/worldcat/entity/E39Qhp4vB9HVyXRc7FKKjgBpQy 
648 7 |a 1898  |2 fast 
655 7 |a Conference papers and proceedings  |2 fast 
758 |i has work:  |a 1898 (Text)  |1 https://id.oclc.org/worldcat/entity/E39PCYvkVcHQTc7g9GjvH9RvVC  |4 https://id.oclc.org/worldcat/ontology/hasWork 
776 0 8 |i Print version:  |a Bernecker, Walther L.  |t 1898: Su Significado para Centroamérica y el Caribe  |d Madrid : Iberoamericana Editorial Vervuert,c1998  |z 9788488906946 
830 0 |a Erlanger Lateinamerika-Studien Ser. 
856 4 0 |u https://ebookcentral.uam.elogim.com/lib/uam-ebooks/detail.action?docID=6469412  |z Texto completo 
938 |a ProQuest Ebook Central  |b EBLB  |n EBL6469412 
994 |a 92  |b IZTAP